[Event "World Cup"]
[Site "Khanty-Mansiysk RUS"]
[Date "2007.12.13"]
[Round "7.1"]
[White "Shirov, A."]
[Black "Kamsky, G."]
[Result "1/2-1/2"]
[WhiteElo "2739"]
[BlackElo "2714"]
[PlyCount "83"]
[EventDate "2007.11.24"]

1. e4 e5 2. Nf3 Nc6 3. Bb5 a6 4. Ba4 Nf6 5. O-O Be7 6. Re1 b5 7. Bb3 d6 8. c3
O-O 9. h3 Nb8 10. d4 Nbd7 11. Nbd2 Bb7 12. Bc2 Re8 13. Nf1 Bf8 14. Ng3 g6 15.
b3 a5 16. a4 b4 17. cxb4 axb4 18. Bb2 Bh6 19. dxe5 dxe5 20. Bd3 Nc5 21. Bb5
Qxd1 22. Raxd1 c6 23. Bc4 Nfd7 24. Re2 Bf4 25. Rc2 Re7 26. Ne2 Bh6 27. Ng3 Bf4
28. Bc1 Ba6 29. Bxf4 exf4 30. Ne2 Bxc4 31. Rxc4 Nxb3 32. Rxb4 Nbc5 33. Nc3 Ree8
34. Rd6 Re6 35. Rbd4 Rxd6 36. Rxd6 Ra6 37. e5 Rb6 38. Rd1 Rb3 39. Ne2 Ra3 40.
Ned4 Rxa4 41. Nxc6 Nf8 42. Ne7+ 1/2-1/2

[Event "World Cup"]
[Site "Khanty-Mansiysk RUS"]
[Date "2007.12.16"]
[Round "7.4"]
[White "Kamsky, G."]
[Black "Shirov, A."]
[Result "1/2-1/2"]
[WhiteElo "2714"]
[BlackElo "2739"]
[PlyCount "69"]
[EventDate "2007.11.24"]

1. e4 c5 2. Nf3 Nc6 3. Bb5 g6 4. O-O Bg7 5. c3 Nf6 6. Re1 O-O 7. d4 d5 8. e5
Ne4 9. Bxc6 bxc6 10. Nbd2 Bf5 11. Nh4 e6 12. Nxf5 exf5 13. f3 cxd4 14. cxd4 Ng5
15. b4 a5 16. bxa5 Rxa5 17. Nb3 Ra7 18. Bxg5 Qxg5 19. Qc2 Rc8 20. a4 Bf8 21. a5
Bb4 22. Re2 Qd8 23. e6 fxe6 24. Rxe6 Qd7 25. Qe2 Kf7 26. Re5 Bd6 27. f4 Bxe5
28. fxe5 Qb7 29. Nc5 Qb4 30. e6+ Kg8 31. Rd1 Qxa5 32. e7 Re8 33. Qe6+ Kg7 34.
Qe5+ Kf7 35. Qe6+ 1/2-1/2